Focus on grammar : An integrated skills approach

Uloženo v:
Podrobná bibliografie
Hlavní autor: Maurer, Jay
Médium: Kniha
Jazyk:Undetermined
Vydáno: New York, NY Pearson/Longman 2006
Témata:
Tagy: Přidat tag
Žádné tagy, Buďte první, kdo otaguje tento záznam!
Thư viện lưu trữ: Trung tâm Học liệu Trường Đại học Cần Thơ
LEADER 00692nam a2200241Ia 4500
001 CTU_128084
008 210402s9999 xx 000 0 und d
020 |c 253000 
082 |a 428.24 
082 |b F652/Vol.5 
100 |a Maurer, Jay 
245 0 |a Focus on grammar : 
245 3 |b An integrated skills approach 
245 0 |c Jay Maurer 
260 |a New York, NY 
260 |b Pearson/Longman 
260 |c 2006 
526 |a Ngữ pháp nâng cao 
526 |b SG281 
650 |a English language,English language 
650 |x Textbooks for foreign speakers,Grammar,Problems, exercises, etc. 
904 |i Minh 
980 |a Trung tâm Học liệu Trường Đại học Cần Thơ